The structure and development of the Fungi / (Record no. 757635)
[ view plain ]
| 000 -LEADER | |
|---|---|
| fixed length control field | 00893nam a2200277 a 4500 |
| 001 - CONTROL NUMBER | |
| control field | vtls000917388 |
| 003 - CONTROL NUMBER IDENTIFIER | |
| control field | NLI |
| 005 - DATE AND TIME OF LATEST TRANSACTION | |
| control field | 20210627090526.0 |
| 008 - FIXED-LENGTH DATA ELEMENTS--GENERAL INFORMATION | |
| fixed length control field | 110906s1951 enka 000 0 eng |
| 039 #9 - LEVEL OF BIBLIOGRAPHIC CONTROL AND CODING DETAIL [OBSOLETE] | |
| -- | 201109061741 |
| -- | Vargis_01 |
| 040 0# - CATALOGING SOURCE | |
| Original cataloging agency | NLI |
| Language of cataloging | eng |
| Transcribing agency | Vergis_S |
| Description conventions | AACR2 |
| 041 0# - LANGUAGE CODE | |
| Language code of text/sound track or separate title | eng |
| 044 ## - COUNTRY OF PUBLISHING/PRODUCING ENTITY CODE | |
| MARC country code | enk |
| 084 ## - OTHER CLASSIFICATION NUMBER | |
| Classification number | 155 |
| 100 1# - MAIN ENTRY--PERSONAL NAME | |
| Personal name | Gwynne-Vaughan, H. C. I. |
| Fuller form of name | (Helen Charlotte Isabella Fraser), |
| Dates associated with a name | 1879- |
| 9 (RLIN) | 877969 |
| 245 14 - TITLE STATEMENT | |
| Title | The structure and development of the Fungi / |
| Statement of responsibility, etc. | by H. C. I. Gwynne-Vaughan and B. Barnes |
| 260 ## - PUBLICATION, DISTRIBUTION, ETC. | |
| Place of publication, distribution, etc. | Cambridge, Eng. : |
| Name of publisher, distributor, etc. | The University Press, |
| Date of publication, distribution, etc. | 1951 |
| 300 ## - PHYSICAL DESCRIPTION | |
| Extent | xvi, 449 p. : |
| Other physical details | ill. ; |
| Dimensions | 23 cm. |
| 650 #0 - SUBJECT ADDED ENTRY--TOPICAL TERM | |
| Topical term or geographic name entry element | Fungi |
| 9 (RLIN) | 705340 |
| 700 1# - ADDED ENTRY--PERSONAL NAME | |
| Personal name | Barnes, B. |
| Fuller form of name | (Bertie), |
| Dates associated with a name | 1888-, |
| Relationship | jt. aut |
| 9 (RLIN) | 877970 |
| 887 ## - NON-MARC INFORMATION FIELD | |
| Content of non-MARC field | |
| 901 ## - LOCAL DATA ELEMENT A, LDA (RLIN) | |
| a | 297160 ; |
| b | 15.12.1953 |
| 902 ## - LOCAL DATA ELEMENT B, LDB (RLIN) | |
| a | 155 D 341 |
| 949 ## - LOCAL PROCESSING INFORMATION (OCLC) | |
| -- | VIRTUAITEM |
| -- | 10000 |
| -- | 100 |
| 6 | PUR000297160ENG |
| 942 ## - ADDED ENTRY ELEMENTS (KOHA) | |
| Source of classification or shelving scheme | Dewey Decimal Classification |
| Koha item type | Books |
| Withdrawn status | Lost status | Damaged status | Not for loan | Home library | Current library | Date acquired | Total Checkouts | Full call number | Barcode | Date last seen | Price effective from | Koha item type |
|---|---|---|---|---|---|---|---|---|---|---|---|---|
| National Library of India | National Library of India | 155 D 341 | PUR000297160ENG | 27/06/2021 | 27/06/2021 | Books |
